| 000 | 00487nam a2200133 a 4500 | ||
|---|---|---|---|
| 008 | 120416s1967 ||||||||||||||||| || u | ||
| 050 | _aHB 75 Gil | ||
| 100 | _aGill, Richard T | ||
| 245 | 1 | 0 | _aEvolution of modern economics |
| 260 |
_aEnglewood Cliffs _bNew Jersey, Prentice-Hall _c1967 |
||
| 300 | _aviii, 119p. | ||
| 350 | _a0.00 | ||
| 995 |
_D0.00 _FCBU-MAIN LIBRARY (Kitwe) _H1 _I0.00 _M1 _UAVAILABLE _ZMain Library Open Access Collection |
||
| 999 |
_c42780 _d42780 |
||